00518nam a22001577a 4500020000800000040001600008082001300024100002800037245008100065250001200146260005000158300002500208942001200233999001900245952009600264 qPB. cFIZZA ISHAQ a327bJAC aCOURTNEY,JACEY.9133155 aINTERNATIONAL POLITICS POWER AND PURPOSE IN GLOBAL AFFAIRS /cPAUL D'ANIERI. a2ND ED. aCANADA ;bWADSWORTH CENGAGE LEARNING ,c2012. a479 P. ;c9.8X7.9IN  2ddccBK c616176d616176 00102ddc4070aNQCbNQCcTEXTd2026-02-11l0o327 JACpQD-850r2026-02-11w2026-02-11yBK